000 00488nam a2200169Ia 4500
008 191130s1994##################000#0#eng##
020 _a9780747580409
040 _aACL
_cACL
082 _a823.0083 SMI
100 _aSmith, Mccall Alexander
245 _aCalculator Annie
_cAlexander Mccall Smith
260 _aNew York
_bPuffin Books
_c1994
300 _a80 p. : illustrated by Ian Bilbey
990 _a38f0278eac10000c0226af64ba46e31b
991 _a24169
999 _c122519
_d122519